000 00288nam a22001097a 4500
082 _aCP52
100 _aZulfiqar
_948024
245 _aEngineering Geology
_bCE-121 Course Pack
_cZulfiqar
260 _aRisalpur,
_bMCE,
_c2016.
526 _a0
_b1
_c0
_dCP_000000000000000_52
942 _2ddc
_cBKB
999 _c553681
_d553681